000
00339nam a2200145Ia 4500
003
OSt
005
20240103113953.0
008
170523s9999 xx 000 0 und d
020
_a
9789380027395
040
_c
iimtu
100
_a
Tewari- S.P.
245
0
_a
Advanced Welding Technology
260
_a
S.K. Kataria & Soons
942
_2
ddc
_c
02
999
_c
12582
_d
12582